书目信息 |
| 题名: |
厦门湾渔业资源与生态环境
|
|
| 作者: | 黄良敏, 编著 | |
| 分册: | ||
| 出版信息: | 北京 中国农业出版社 2018.12 |
|
| 页数: | 224页 | |
| 开本: | 27cm | |
| 丛书名: | ||
| 单 册: | ||
| 中图分类: | S922.9 , X321.257.3 | |
| 科图分类: | ||
| 主题词: | 海湾--hai wan--水产资源--研究--厦门 , 海湾--hai wan--生态环境--研究--厦门 | |
| 电子资源: | ||
| ISBN: | 978-7-109-24840-3 | |
| 000 | 01345nam0 2200289 450 | |
| 001 | 0100010178 | |
| 005 | 20190905093951.0 | |
| 010 | @a978-7-109-24840-3@b精装@dCNY120.00 | |
| 100 | @a20190831d2018 em y0chiy50 ea | |
| 101 | 0 | @achi |
| 102 | @aCN@b110000 | |
| 105 | @aak a 000yy | |
| 106 | @ar | |
| 200 | 1 | @a厦门湾渔业资源与生态环境@Axia men wan yu ye zi yuan yu sheng tai huan jing@f黄良敏等编著 |
| 210 | @a北京@c中国农业出版社@d2018.12 | |
| 215 | @a224页@c图@d27cm | |
| 300 | @a中国河口海湾水生生物资源与环境出版工程 “十三五”国家重点图书出版规划项目 国家出版基金项目 | |
| 314 | @a黄良敏, 1972年1月生。博士, 副教授, 硕士生导师。现在集美大学水产学院工作。 | |
| 320 | @a有书目 (第219-224页) | |
| 330 | @a本书关于厦门海域的研究多年来重点都在海洋生态环境、海洋生物和海洋带等方面, 而有关厦门渔业生物资源利用与栖息环境方面的研究尚未见专门著作系统报道。本书系统介绍厦门湾渔业生态环境的特点和现状, 主要分析厦门湾渔业资源的种类组成、群落结构、营养关系和主要经济渔业种类的生物学特征。为厦门湾的渔业资源保护物种及资源的可持续发展和利用提供一定的理论支持。 | |
| 606 | 0 | @a海湾@Ahai wan@x水产资源@x研究@y厦门 |
| 606 | 0 | @a海湾@Ahai wan@x生态环境@x研究@y厦门 |
| 690 | @aS922.9@v5 | |
| 690 | @aX321.257.3@v5 | |
| 701 | 0 | @a黄良敏,@Ahuang liang min@f1972-@4编著 |
| 801 | 0 | @aCN@c20190905 |
| 905 | @a河南城建学院图书馆@dS922.9@eH854 | |
| 厦门湾渔业资源与生态环境/黄良敏等编著.-北京:中国农业出版社,2018.12 |
| 224页:图;27cm |
| 中国河口海湾水生生物资源与环境出版工程 “十三五”国家重点图书出版规划项目 国家出版基金项目 |
| ISBN 978-7-109-24840-3(精装):CNY120.00 |
| 本书关于厦门海域的研究多年来重点都在海洋生态环境、海洋生物和海洋带等方面, 而有关厦门渔业生物资源利用与栖息环境方面的研究尚未见专门著作系统报道。本书系统介绍厦门湾渔业生态环境的特点和现状, 主要分析厦门湾渔业资源的种类组成、群落结构、营养关系和主要经济渔业种类的生物学特征。为厦门湾的渔业资源保护物种及资源的可持续发展和利用提供一定的理论支持。 |
| ● |
| 相关链接 |
|
|
|
正题名:厦门湾渔业资源与生态环境
索取号:S922.9/H854
 
预约/预借
| 序号 | 登录号 | 条形码 | 馆藏地/架位号 | 状态 | 备注 |
| 1 | 1437673 | 214376735 | 自科库401/401自科库 2排3列1层/ [索取号:S922.9/H854] | 在馆 |